San Andrés y Providencia la amenaza de Nicaragua. Aspectos jurídicos y políticos de la posición de Colombia (Registro nro. 42281)
[ vista simple ]
| 000 -ENCABEZADO | |
|---|---|
| Número de control [NR] | 01097nam a2200253Ia 4500 |
| 008 - DE LONGITUD FIJA DE DATOS DE ELEMENTOS - INFORMACIÓN GENERAL | |
| Elementos de longitud fija [NR] | 130821s2002 ck gr spa |
| 020 ## - NUMERO INTERNACIONAL NORMALIZADO PARA LIBROS [R] | |
| Número Internacional Normalizado del libro [NR] | 9589029485 |
| 040 ## - FUENTE DE CATALOGACION [NR] | |
| Agencia de catalogación original [NR] | Co-BoUCM |
| Idioma de catalogación [NR] | spa |
| 041 00 - CODIGO DE IDIOMA [R] | |
| Código de idioma para texto/pista de sonido o título separado [R] | Español |
| 100 1# - ASIENTO PRINCIPAL--NOMBRE PERSONAL [NR] | |
| Nombre personal [NR] | Lozano Simonelli, Alberto |
| Fechas asociadas con el nombre [NR] | 1937- |
| 245 10 - MENCION DE TITULO [NR] | |
| Título [NR] | San Andrés y Providencia la amenaza de Nicaragua. Aspectos jurídicos y políticos de la posición de Colombia |
| Mención de responsabilidad, etc. [NR] | Alberto Lozano Simonelli ; Jaime Pinzón López, prólogo |
| 260 ## - PUBLICACION, DISTRIBUCION, ETC. (PIE DE IMPRENTA) [R] | |
| Lugar de publicación, distribución, etc. [R] | Bogotá (Colombia) |
| Nombre del editor, distribuidor, etc. [R] | Fundación Universidad de Bogotá Jorge Tadeo Lozano |
| Fecha de publicación, distribución, etc. [R] | 2002 |
| 300 ## - DESCRIPCION FISICA [R] | |
| Extensión [R] | 532 páginas |
| 490 #0 - MENCION DE SERIE [R] | |
| Mención de serie [R] | Colección Relaciones Internacionales |
| 504 ## - NOTA DE BIBLIOGRAFIA, ETC. [R] | |
| Nota de bibliografía, etc. [NR] | |
| 650 04 - ASIENTO SECUNDARIO DE MATERIA - TERMINO TEMATICO [R] | |
| Término temático o nombre geográfico como elemento de entrada [NR] | Relaciones internacionales |
| 9 (RLIN) | 8042 |
| 651 #7 - ASIENTO SECUNDARIO DE MATERIA - NOMBRE GEOGRAFICO [R] | |
| Nombre geográfico [NR] | Colombia |
| Geographic name following place entry element [OBSOLETE] | Relaciones internacionales |
| Subdivisión geográfica [R] | Nicaragua |
| Subdivisión de forma [R] | Tratados |
| 9 (RLIN) | 26606 |
| 651 #7 - ASIENTO SECUNDARIO DE MATERIA - NOMBRE GEOGRAFICO [R] | |
| Nombre geográfico [NR] | Colombia |
| Subdivisión de forma [R] | Tratados internacionales |
| 9 (RLIN) | 26606 |
| 651 #7 - ASIENTO SECUNDARIO DE MATERIA - NOMBRE GEOGRAFICO [R] | |
| Nombre geográfico [NR] | Colombia |
| Subdivisión general [R] | Limites |
| Subdivisión geográfica [R] | Nicaragua |
| 9 (RLIN) | 26606 |
| 651 #7 - ASIENTO SECUNDARIO DE MATERIA - NOMBRE GEOGRAFICO [R] | |
| Nombre geográfico [NR] | Colombia |
| Subdivisión general [R] | Problemas fronterizos |
| Subdivisión geográfica [R] | Nicaragua |
| 9 (RLIN) | 26606 |
| 651 #7 - ASIENTO SECUNDARIO DE MATERIA - NOMBRE GEOGRAFICO [R] | |
| Nombre geográfico [NR] | Nicaragua |
| Subdivisión general [R] | Limites |
| Subdivisión geográfica [R] | Colombia |
| 9 (RLIN) | 27151 |
| 942 ## - ELEMENTOS DE ENTRADA AGREGADOS (KOHA) | |
| Tipo de ítem principal el descrito en 300a | Libro |
| Tema principal | Ciencia política |
| Edición | 1 |
| Parte restante de la signatura top. | L925S |
| Sistema de clasificación | DEWEY |
| Clasificación | 327.861 |
| Fecha de último préstamo | Total préstamos | Total Renewals | Signatura topográfica | Código de barras | Última vez visto | Ejemplar | Price effective from | Tipo de ítem | Perdido | Sistema de clasificación | Dañado | No prestable | Tipo de ítem específico | Suprimido | Ubicación habitual | Ubicación actual | Localización | Fecha de creación | Forma de adquisición | Costo | Costo de reposición | Proveedor |
|---|---|---|---|---|---|---|---|---|---|---|---|---|---|---|---|---|---|---|---|---|---|---|
| 327.861 L925S | 3000442 | 15/12/2012 | Ej.1 | 03/02/2013 | Libro | DEWEY | Libro | Bib. Cavelier | Acavalier | 28/02/2009 | 0.00 | |||||||||||
| 03/10/2022 | 26 | 1 | 327.861 L925S | 100073434 | 06/06/2024 | Ej.3 | 03/02/2013 | Libro | DEWEY | Libro | Bodega | Bodega | 3er piso | 28/02/2005 | Donación | 22000.00 | ||||||
| 327.861 L925S | 100165000 | 07/11/2019 | Ej.4 | 07/11/2019 | Libro | DEWEY | Libro | Bodega | Bodega | Préstamo 4 días después de solicitado | 07/11/2019 | Donación | 0.00 | 26000.00 | 12 |